Bài tập vật lí 7
Sách bao gồm những bài tập Vật lí lớp 8 được soạn theo chương trình sách giáo khoa Lớp 8. Những bài tập về quang học, âm học, điện học giúp học sinh luyện giải và học tốt môn Vật lí 8.
Đã lưu trong:
| 主要作者: | |
|---|---|
| 格式: | 图书 |
| 语言: | Undetermined |
| 出版: |
Hà Nội
Giáo dục Việt Nam
2016
|
| 主题: | |
| 标签: |
添加标签
没有标签, 成为第一个标记此记录!
|
| Thư viện lưu trữ: | Trung tâm Học liệu Trường Đại học Cần Thơ |
|---|
| LEADER | 00981nam a2200217Ia 4500 | ||
|---|---|---|---|
| 001 | CTU_216480 | ||
| 008 | 210402s9999 xx 000 0 und d | ||
| 020 | |c 6100 | ||
| 082 | |a 530.076 | ||
| 082 | |b Th120 | ||
| 100 | |a Nguyễn, Đức Thâm | ||
| 245 | 0 | |a Bài tập vật lí 7 | |
| 245 | 0 | |c Nguyễn Đức Thâm (Chủ biên), Đoàn Duy Hinh, Nguyễn Phương Hồng | |
| 260 | |a Hà Nội | ||
| 260 | |b Giáo dục Việt Nam | ||
| 260 | |c 2016 | ||
| 520 | |a Sách bao gồm những bài tập Vật lí lớp 8 được soạn theo chương trình sách giáo khoa Lớp 8. Những bài tập về quang học, âm học, điện học giúp học sinh luyện giải và học tốt môn Vật lí 8. | ||
| 650 | |a Physics,Vật lý | ||
| 650 | |x Study and teaching (Secondary),Dạy và học (Trung học) | ||
| 904 | |i Hải | ||
| 980 | |a Trung tâm Học liệu Trường Đại học Cần Thơ | ||